Institutional investors / (Record no. 18759)
[ view plain ]
| 000 -LEADER | |
|---|---|
| fixed length control field | 00811 am a22002538a 4500 |
| 001 - CONTROL NUMBER | |
| control field | 006941834 |
| 005 - DATE AND TIME OF LATEST TRANSACTION | |
| control field | 20141211145030.0 |
| 008 - FIXED-LENGTH DATA ELEMENTS--GENERAL INFORMATION | |
| fixed length control field | 040212t2001 xxua frbd 001 0 eng d |
| 020 ## - INTERNATIONAL STANDARD BOOK NUMBER | |
| International Standard Book Number | 9780262541756 |
| 040 ## - CATALOGING SOURCE | |
| Original cataloging agency | EG-ScBUE |
| 082 00 - DEWEY DECIMAL CLASSIFICATION NUMBER | |
| Classification number | 332.645 |
| Edition number | 22 |
| Item number | DAV |
| 100 1# - MAIN ENTRY--PERSONAL NAME | |
| Personal name | Davis, E. P. |
| Fuller form of name | (E. Philip), |
| Dates associated with a name | 1957- |
| 9 (RLIN) | 36883 |
| 245 10 - TITLE STATEMENT | |
| Title | Institutional investors / |
| Statement of responsibility, etc | E. Philip Davis and Benn Steil. |
| 260 ## - PUBLICATION, DISTRIBUTION, ETC. (IMPRINT) | |
| Place of publication, distribution, etc | Cambridge, United States ; |
| -- | London : |
| Name of publisher, distributor, etc | The MIT Press, |
| Date of publication, distribution, etc | c.2001. |
| 300 ## - PHYSICAL DESCRIPTION | |
| Extent | xxxi, 524 p. : |
| Other physical details | tables ; |
| Dimensions | 22 cm. |
| 500 ## - GENERAL NOTE | |
| General note | Glossary : p. 437-455. |
| 500 ## - GENERAL NOTE | |
| General note | Includes indexes. |
| 504 ## - BIBLIOGRAPHY, ETC. NOTE | |
| Bibliography, etc | Bibliography : p. 457-488. |
| 650 #0 - SUBJECT ADDED ENTRY--TOPICAL TERM | |
| Topical term or geographic name as entry element | Institutional investments |
| 9 (RLIN) | 36884 |
| 653 ## - INDEX TERM--UNCONTROLLED | |
| Resource For college | BAEPS, Business Administration |
| Arrived date list | October2014 |
| 655 ## - INDEX TERM--GENRE/FORM | |
| Form subdivision | |
| -- | 34232 |
| 700 1# - ADDED ENTRY--PERSONAL NAME | |
| Personal name | Steil, Benn |
| 9 (RLIN) | 36885 |
| 942 ## - ADDED ENTRY ELEMENTS (KOHA) | |
| Source of classification or shelving scheme | Dewey Decimal Classification |
| Call number prefix | 332.645 DAV |
| Withdrawn status | Item status | Source of classification or shelving scheme | Damaged status | Not for loan | Vendor | Home library | Current library | Shelving location | Date acquired | Source of acquisition | Cost, normal purchase price | Serial Enumeration / chronology | Total Checkouts | Full call number | Barcode | Date last seen | Cost, replacement price | Koha item type |
|---|---|---|---|---|---|---|---|---|---|---|---|---|---|---|---|---|---|---|
| Dewey Decimal Classification | Baccah | Central Library | Central Library | First floor | 11/12/2014 | 157.00 | 20677 | 332.645 DAV | 000037156 | 15/07/2025 | 196.25 | Book - Borrowing |